Pep, pills and politics; (Record no. 90503)

MARC details
000 -LEADER
fixed length control field 00672cam a22002171 4500
001 - CONTROL NUMBER
control field sg 44000305
003 - CONTROL NUMBER IDENTIFIER
control field DLC
005 - DATE AND TIME OF LATEST TRANSACTION
control field 20260227112744.0
008 - FIXED-LENGTH DATA ELEMENTS--GENERAL INFORMATION
fixed length control field 761015s1944 xx 000 0 eng c
010 ## - LIBRARY OF CONGRESS CONTROL NUMBER
LC control number sg 44000305
035 ## - SYSTEM CONTROL NUMBER
System control number (OCoLC)2506482
040 ## - CATALOGING SOURCE
Original cataloging agency U.S. Surg.-gen. off Libr.
Transcribing agency O
Modifying agency OCoLC
-- DLC
042 ## - AUTHENTICATION CODE
Authentication code premarc
050 00 - LIBRARY OF CONGRESS CALL NUMBER
Classification number R154.H659
Item number A3
082 ## - DEWEY DECIMAL CLASSIFICATION NUMBER
Classification number 926.1
100 1# - MAIN ENTRY--PERSONAL NAME
Personal name Hopkins, Arthur Warren,
Dates associated with a name 1877-
245 10 - TITLE STATEMENT
Title Pep, pills and politics;
Remainder of title an odyssey of two states,
Statement of responsibility, etc. by Arthur W. Hopkins, M.D.
260 ## - PUBLICATION, DISTRIBUTION, ETC.
Place of publication, distribution, etc. Brattleboro, Vt.,
Name of publisher, distributor, etc. The Vermont printing company,
Date of publication, distribution, etc. 1944.
300 ## - PHYSICAL DESCRIPTION
Extent 239 p.
Other physical details front., plates, ports.
Dimensions 24 cm.
500 ## - GENERAL NOTE
General note Autobiography.

No items available.

Powered by Koha